000 00314nam a22001337a 4500
020 _a978-0-439-47324-8
082 _a425
_bTER/B
100 _aTERBAN,MARVIN
245 _aBUILDING YOUR VOCABULARY
260 _aNEW DELHI
_bSCHOLASTIC
300 _a188
650 _aBUILDING YOUR VOCABULARY
_zNEW DELHI
942 _cBK
999 _c4059
_d4059